000 00781nam a2200265Ia 4500
003 OSt
005 20220930201604.0
006 a|||||r|||| 00| 0
007 ta
008 220926b |||||||| |||| 00| 0 hin d
024 _a74829
037 _cDissertations
040 _aCRL
_cCRL
_bhin
041 _2hin
_ahin
100 _aBihari Vipin
_9566011
110 _aUniversity of Delhi. Faculty of Arts. Department of Hindi
245 0 _aDinkar ki muktak rachnaon mein geeti tattva
260 _c1987
300 _a141p.
_ccm.
650 _aHINDI LITERATURE
_923866
700 _a Dr. Jagdish Kumar Gu.
700 _aUniversity of Delhi. Faculty of Arts. Department of Hindi
942 _cDIS
_2CC
999 _c902136
_d902136